Decisiones óptimas de inversión y financiación en la empresa /

Se aborda un estudio extenso y riguroso de la empresa en su aspecto financiero. Incluye: La inversión en la empresa y los criterio clásicos de valoración y selección de inversiones; El efecto de la inflación y de los impuestos en los métodos clásicos de valoración y selección de inversiones; La intr...

Whakaahuatanga katoa

I tiakina i:
Ngā taipitopito rārangi puna kōrero
Kaituhi matua: Suárez Suárez, Andrés S. (autor)
Hōputu: Pukapuka
Reo:Pāniora
I whakaputaina: Madrid, España : Pirámide, 2003, c2003
Putanga:20a edición
Rangatū:(Economía y Empresa)
Ngā marau:
Ngā Tūtohu: Tāpirihia he Tūtohu
Kāore He Tūtohu, Me noho koe te mea tuatahi ki te tūtohu i tēnei pūkete!

MARC

LEADER 00000nam^a2200000^a^4500
001 000181928
005 20250521000000.0
009 20260310101950.272
020 |a 84-368-1767-2 
037 |a Acervo ITESO - Biblioteca 
041 |a ESP 
082 |a 658. 152  |b SUA 
100 |a Suárez Suárez, Andrés S.  |e (autor) 
245 1 0 |a Decisiones óptimas de inversión y financiación en la empresa /  |c A.S. Suárez Suárez. 
250 |a 20a edición 
264 4 |a Madrid, España :  |b Pirámide,  |c 2003, c2003 
300 |a 933 p. 
336 |a texto  |b txt  |2 rdacontenido 
337 |a sin mediación  |b n  |2 rdamedio 
338 |a volumen  |b nc  |2 rdasoporte 
440 1 |a (Economía y Empresa) 
520 |a Se aborda un estudio extenso y riguroso de la empresa en su aspecto financiero. Incluye: La inversión en la empresa y los criterio clásicos de valoración y selección de inversiones; El efecto de la inflación y de los impuestos en los métodos clásicos de valoración y selección de inversiones; La introducción del riesgo en las decisiones de inversión; Las decisiones de inversión secuenciales; La inversión en activo fijo y circulante; Modelos de programación de inversiones; Las fuentes de financiamiento de la empresa; El mercado secundario de valores; Las bolsas de valores, análisis fundamental y técnico, y la teoría del mercado eficiente; La teoría de la formación de carteras o inversión financiera, la teoría del equilibrio en el mercado de capitales y la valoración de activos financieros; Coste del capital, estructura financiera óptima y política de dividendos; Planificación financiera; Expansión, agrupación y fracaso empresarial. 
649 |a XX 
650 |a Empresas 
650 |a Financiamiento (de Empresas, Proyectos, etc.) 
650 |a Mercado de Valores 
650 |a Inversiones 
650 |a Administración Financiera 
650 |a Finanzas -  |x Generalidades 
650 |a Economía -  |x Generalidades 
650 |a Ciencias Administrativas 
910 |a Fondo General 
920 |a Impresos - Libros 
930 |a Colección General 
905 |a 101 
901 |a 0500121947  |b IT1  |c ACC  |u 20250521 
902 |a https://opac.biblio.iteso.mx/vufind/Record/000181928